LEADER 01219nam a2200289 i 4500 001 000000115600 003 CaOOAMICUS 005 20230131122629.0 008 030531s1986 it u000 u ita u 013 $a88289 020 $a88-15-00964-7 040 $aSeMil$bita 100 1 $aOng, Walter J. .$0(OLS)http://semarc/name/17254 240 10$aOrality and literacy :$bthe technologizing of the word.$0(OLS)http://semarc/title/419593 245 10$aOralità e scrittura :$ble tecnologie della parola /$cWalter J. Ong. 260 $aBologna :$bIl Mulino,$c1986. 300 $a249 p. ;$c21 cm 490 1 $aIntersezioni [Il mulino] 650 4$aOralità .$0(OLS)http://semarc/subject/48331 650 4$aScrittura.$0(OLS)http://semarc/subject/13346 830 0$aIntersezioni.$0(OLS)http://semarc/title/6889 850 $aSeMil 852 $aSeMil$W1$xVenegono$y1$m1Q II 34$j212588$B225709$CSeMilBibl$Z2$F225709 $81 996 $6020$a88-15-00964-7$9(OLS)http://semarc/number/99429 996 $6245$aOralità e scrittura :$ble tecnologie della parola$9(OLS)http://semarc/title/169349 996 $6260$aBologna :$bIl Mulino$9(OLS)http://semarc/publisher/29842 LEADER 01256nam a2200265 i 4500 001 000000122651 003 CaOOAMICUS 005 20240404162004.0 008 040207s1973 it u000 u ita u 013 $a95346 040 $aSeMil$bita 245 10$aSolaria. Letteratura. Campo di Marte /$ca cura di Alberto Folin. 260 $aTreviso :$bCanova,$c1973. 300 $a240 p., ill. ;$c22 cm. 490 0 $aLe riviste dell'Italia moderna e contemporanea : pagine di vita e di cultura ;$v24 500 $aContiene : Note Bio-Bibliografiche ; Indicazioni bibliografiche ; Note sul contributo alle arti figurative di Giorgio Nonveiller. 650 4$aRiviste letterarie.$0(OLS)http://semarc/subject/1770 700 1 $aFolin, Alberto,$d<1945- >.$0(OLS)http://semarc/name/42651 830 3$aLe riviste dell'Italia moderna e contemporanea : pagine di vita e di cultura ;$v24.$0(OLS)http://semarc/title/14507 850 $aSeMil 852 $aSeMil$W1$xVenegono$y1$m840 1 24 *$j77605$B77605$CSeMilBibl$Z2$F79604 $81 961 $aRecupero: Biblioteca Seminario Liceale 996 $6245$aSolaria. Letteratura. Campo di Marte$9(OLS)http://semarc/title/180651 996 $6260$aTreviso :$bCanova$9(OLS)http://semarc/publisher/33017